| 000 | 00765nam a22002657a 4500 | ||
|---|---|---|---|
| 003 | URS | ||
| 005 | 20251022142520.0 | ||
| 008 | 231130b ||||| |||| 00| 0 eng d | ||
| 020 | _a978-621-409-237-6 | ||
| 040 | _cURS | ||
| 050 |
_aGV1127 .P6 _b.An14 2023 |
||
| 100 | _aAnajao, Joel D. | ||
| 245 |
_aBasic of Arnis De Mano _bA hanbook for Techers and Student |
||
| 260 |
_aBooks ATBP. Publishing CORP. _bMandaluyong City., _c©2023 |
||
| 300 |
_a58 leaves : _billustration ; _c25 cm |
||
| 336 |
_2rdacontent _atext |
||
| 337 |
_2rdamedia _aunmediated |
||
| 338 |
_2rdacarrier _avolume |
||
| 650 | 0 | _aArnis | |
| 650 | 0 | _aSelf-Defense | |
| 700 | _aCuachin, Ronnel P. | ||
| 700 | _aGuanlao, Allan C. | ||
| 700 | _aMartinez, Jerard Noel M. | ||
| 942 |
_2lcc _cF |
||
| 999 |
_c88103 _d88100 |
||